Statistics for Bands

Click here to take the quiz!

General Stats

  • This quiz has been taken 9 times
  • The average score is 4 of 9

Answer Stats

HintAnswer% Correct
What band has the singer Freddy MercuryQueen
100%
What band was Eddie Van Halen fromVan Halen
88%
What band sings the song "Thunder Struck"AC/DC
75%
What band has the singer Don HenleyThe Eagles
50%
What Band Sings the song "Dude"Aerosmith
38%
What band was around 1957 to 1970The Beatles
38%
What band wears Masks to cover their face when on stage then takes them off so they are not noticedGhost
13%
What band sings the song "Best of You"Foo Fighters
13%
What band sings the song "Here's to us"Halestorm
0%

Score Distribution

Percentile by Number Answered

Percent of People with Each Score

Your Score History

You have not taken this quiz